[Event "Team junior-girls chess final 2017"]
[Site "Sochi"]
[Date "2017.05.04"]
[Round "3.4"]
[White "Nur-Mukhametova, Alisa"]
[Black "Shamsutdinova, Karina"]
[Result "0-1"]
[WhiteElo "1699"]
[BlackElo "1617"]
[PlyCount "166"]
[EventDate "2017.05.01"]

1. Nf3 Nf6 2. g3 g6 3. Bg2 Bg7 4. O-O O-O 5. c4 d6 6. d4 Nc6 7. Nc3 Bg4 8. h3
Bxf3 9. Bxf3 Nd7 10. e3 e5 11. d5 Ne7 12. Qc2 a5 13. b3 f5 14. Bg2 Kh8 15. Bb2
Ng8 16. Ne2 Qe7 17. f4 Rae8 18. Rae1 Ngf6 19. Qd2 b6 20. Nc3 e4 21. Nb5 Nc5 22.
Rd1 Nh5 23. Kh2 Bxb2 24. Qxb2+ Ng7 25. a3 g5 26. b4 Nd3 27. Qd2 gxf4 28. gxf4
Qh4 29. bxa5 bxa5 30. Nxc7 Re7 31. Nb5 Nh5 32. Nxd6 Rg7 33. Qa2 Rfg8 34. Rd2
Qg3+ 35. Kh1 Qg6 36. Nb5 Ng3+ 37. Kg1 Nxf1 38. Kxf1 Qg3 39. Qa1 Qxe3 40. Re2
Qxf4+ 41. Kg1 Ne5 42. Qc3 Nf3+ 43. Kf1 Qh2 44. Rf2 Ne5 45. Bxe4 Qg3 46. Qxg3
Rxg3 47. Bxf5 Rf8 48. c5 Rf3 49. Rxf3 Nxf3 50. Bd3 Ne5+ 51. Ke2 Rc8 52. c6 Nxc6
53. dxc6 Rxc6 54. Ke3 Rc5 55. Kd4 Rh5 56. Bf1 Rf5 57. Be2 Kg7 58. Bg4 Rxb5 59.
Kc4 Rb8 60. Bf5 h5 61. Be6 Kf6 62. Bd5 Kg5 63. Kc5 Kf4 64. Bf7 h4 65. Kd4 Kg3
66. Be6 Kg2 67. Kc4 Rb1 68. Bf5 Rb8 69. Be6 Kg3 70. Kc5 Rb2 71. Kc4 Rb1 72. Bf5
Rh1 73. Kb5 Rxh3 74. Bxh3 Kxh3 75. Kxa5 Kg3 76. Kb6 h3 77. a4 h2 78. a5 h1=Q
79. Ka7 Qh7+ 80. Kb8 Qg8+ 81. Ka7 Qc8 82. a6 Kf4 83. Kb6 Qa8 0-1

[Event "Team junior-girls chess final 2017"]
[Site "Sochi"]
[Date "2017.05.05"]
[Round "4.1"]
[White "Podgornova, Anna"]
[Black "Ilyina, Lada"]
[Result "1/2-1/2"]
[WhiteElo "1708"]
[BlackElo "1670"]
[PlyCount "165"]
[EventDate "2017.05.01"]

1. d4 d5 2. c4 c6 3. Nf3 Nf6 4. Nc3 e6 5. Bg5 Be7 6. e3 Nbd7 7. Bd3 dxc4 8.
Bxc4 b5 9. Bd3 a6 10. O-O Bb7 11. e4 c5 12. Re1 cxd4 13. Nxd4 Nc5 14. Bc2 b4
15. e5 bxc3 16. exf6 Bxf6 17. Bxf6 Qxf6 18. bxc3 O-O 19. Qh5 Rfc8 20. Qxh7+ Kf8
21. Nf5 g6 22. Nd6 Rd8 23. Nxb7 Nxb7 24. Re3 Qg7 25. Qh4 Rd7 26. Rf3 Rad8 27.
g3 Rd2 28. Bb3 Kg8 29. Bc4 Nc5 30. Rb1 g5 31. Qg4 Nd7 32. Qe4 Ne5 33. Re3 Nxc4
34. Qxc4 Qf6 35. Rf1 R8d6 36. Qg4 Qf5 37. Qxf5 exf5 38. Re5 R6d5 39. Rxd5 Rxd5
40. Rc1 Rc5 41. Kf1 Kf8 42. Ke2 Ke7 43. Kd3 Kd6 44. c4 Re5 45. Rb1 Kc7 46. Rb2
f6 47. Kd4 Re4+ 48. Kd3 Re5 49. Kc3 g4 50. Kb4 Kb6 51. Rd2 Kc6 52. a3 f4 53.
gxf4 Rh5 54. Re2 Rxh2 55. Re6+ Kb7 56. Rxf6 Rxf2 57. Kc5 g3 58. Rf7+ Kc8 59.
Rg7 Rxf4 60. Rxg3 Rf6 61. Rg7 Rf5+ 62. Kb6 Rf3 63. a4 Rf6+ 64. Ka5 Rc6 65. Kb4
Rf6 66. c5 Rf4+ 67. Ka5 Rc4 68. Kxa6 Rxa4+ 69. Kb6 Rc4 70. Kc6 Kb8 71. Kd6 Rc2
72. Kc6 Rc1 73. Rg5 Rc2 74. Rd5 Rc1 75. Kd6 Rg1 76. c6 Rg6+ 77. Kc5 Kc7 78.
Rd7+ Kc8 79. Kb6 Rg2 80. Rd5 Rb2+ 81. Kc5 Kc7 82. Rd7+ Kc8 83. Rd5 1/2-1/2

[Event "Team junior-girls chess final 2017"]
[Site "Sochi"]
[Date "2017.05.05"]
[Round "4.1"]
[White "Strukova, Ksenia"]
[Black "Lysokon, Polina"]
[Result "1-0"]
[WhiteElo "1762"]
[BlackElo "1610"]
[PlyCount "93"]
[EventDate "2017.05.01"]

1. e4 e6 2. d4 d5 3. Nd2 dxe4 4. Nxe4 Nf6 5. Nxf6+ gxf6 6. c3 b6 7. Be3 Bb7 8.
Qc2 Nd7 9. O-O-O Bd6 10. f3 c6 11. Nh3 Qc7 12. Nf2 O-O-O 13. Kb1 f5 14. h4 Nf6
15. Bg5 Be7 16. Bd3 Nd5 17. Bxe7 Qxe7 18. Rde1 Qc7 19. g4 fxg4 20. fxg4 h6 21.
Be4 Rhg8 22. Bxd5 cxd5 23. Re5 Qd7 24. Rhe1 Rde8 25. Rh5 Rh8 26. Qd2 f5 27.
Rxh6 Qg7 28. Rxh8 Qxh8 29. gxf5 exf5 30. Rxe8+ Qxe8 31. Kc2 Ba6 32. Qd1 Qe3 33.
Qd2 Qg3 34. Qe1 Kd7 35. h5 Qh4 36. Qg1 Qxh5 37. Qg7+ Kc6 38. Qf6+ Kb5 39. Qe6
Bb7 40. Qd7+ Bc6 41. a4+ Ka6 42. Qxc6 Qe2+ 43. Kb3 Qxf2 44. Qc8+ Ka5 45. Ka3 b5
46. b4+ Kb6 47. a5# 1-0

[Event "Team junior-girls chess final 2017"]
[Site "Sochi"]
[Date "2017.05.05"]
[Round "4.1"]
[White "Surovtseva, Alisa"]
[Black "Granovskaya, Ekaterina"]
[Result "1-0"]
[WhiteElo "1588"]
[BlackElo "1741"]
[PlyCount "105"]
[EventDate "2017.05.01"]

1. e4 e5 2. Nf3 Nc6 3. Bb5 a6 4. Ba4 Nf6 5. O-O Be7 6. Re1 b5 7. Bb3 d6 8. c3
O-O 9. d4 Bb7 10. Nbd2 exd4 11. cxd4 Na5 12. Bc2 c5 13. d5 Nd7 14. Nf1 Bf6 15.
Rb1 Nc4 16. Ng3 g6 17. b3 Nce5 18. Nxe5 dxe5 19. Bh6 Bg7 20. Bxg7 Kxg7 21. Qd2
Qc7 22. Qg5 f6 23. Qg4 Nb6 24. f4 Kh8 25. Rf1 Nd7 26. f5 Rg8 27. Qf3 Qd6 28.
fxg6 hxg6 29. Qe3 Rg7 30. Bd1 Rh7 31. Bg4 Rf8 32. Bxd7 Qxd7 33. Qxc5 Kg8 34.
Qb6 Qg7 35. h3 Bc8 36. Rbc1 Bd7 37. Qe3 Qh8 38. Rc7 Rff7 39. Qc5 Qg7 40. Ra7
Qh6 41. Qb6 Qh4 42. Qf2 Qg5 43. Rxa6 f5 44. Ra8+ Kg7 45. exf5 gxf5 46. Kh2 Qg6
47. Qe2 Re7 48. d6 f4 49. Rxf4 Qxd6 50. Rg4+ Bxg4 51. Qxg4+ Kf7 52. Qg8+ Kf6
53. Ne4+ 1-0

[Event "Team junior-girls chess final 2017"]
[Site "Sochi"]
[Date "2017.05.05"]
[Round "4.1"]
[White "Nur-Mukhametova, Alisa"]
[Black "Tolstykh, Arina"]
[Result "1-0"]
[WhiteElo "1699"]
[BlackElo "1439"]
[PlyCount "117"]
[EventDate "2017.05.01"]

1. d4 d5 2. c4 c6 3. Nf3 Nf6 4. Qc2 e6 5. g3 Nbd7 6. Bg2 Bd6 7. Nbd2 O-O 8. O-O
b6 9. e4 dxe4 10. Nxe4 Nxe4 11. Qxe4 Bb7 12. Bd2 Nf6 13. Qe2 c5 14. dxc5 Bxc5
15. b4 Be7 16. Rfd1 Qc7 17. Bf4 Qc6 18. a3 Rac8 19. Ne1 Ne4 20. Rac1 Ba8 21.
Bxe4 Qxe4 22. Qxe4 Bxe4 23. Rd7 Bf6 24. Rxa7 Ra8 25. Rd7 Rxa3 26. Bc7 Ra7 27.
c5 bxc5 28. Rxc5 Rc8 29. b5 Rb7 30. b6 Kf8 31. f3 Bd5 32. Rdxd5 exd5 33. Bd6+
Ke8 34. Rxc8+ Kd7 35. Rc7+ Rxc7 36. Bxc7 Bd4+ 37. Kf1 Kc6 38. Ke2 Bxb6 39. Bxb6
Kxb6 40. Kd3 Kc5 41. f4 f6 42. f5 d4 43. Nf3 Kd5 44. Nxd4 Ke5 45. Ke3 g6 46. g4
gxf5 47. gxf5 h6 48. h3 h5 49. h4 Kd5 50. Nf3 Kc5 51. Ke4 Kd6 52. Nd4 Ke7 53.
Kd5 Kf7 54. Ne6 Kg8 55. Nf4 Kf7 56. Nxh5 Ke7 57. Kc6 Kf7 58. Kd6 Kg8 59. Nxf6+
1-0

[Event "Team junior-girls chess final 2017"]
[Site "Sochi"]
[Date "2017.05.05"]
[Round "4.2"]
[White "Vyrtosu, Natalia"]
[Black "Vinokur, Yuliya"]
[Result "0-1"]
[WhiteElo "1871"]
[BlackElo "2233"]
[PlyCount "104"]
[EventDate "2017.05.01"]

1. Nf3 g6 2. d4 Bg7 3. g3 Nf6 4. Bg2 O-O 5. O-O d6 6. c4 c5 7. Nc3 Nc6 8. dxc5
dxc5 9. Be3 Qa5 10. Qa4 Qxa4 11. Nxa4 b6 12. Rad1 Bb7 13. Ne5 Na5 14. Bxb7 Nxb7
15. Nc3 Nd6 16. b3 Rfe8 17. Nd5 Nxd5 18. Rxd5 Nf5 19. Rfd1 e6 20. R5d3 Bxe5 21.
Bg5 h6 22. Bc1 Kg7 23. f4 Bf6 24. e4 Bd4+ 25. Kg2 Ne7 26. Kf3 Nc6 27. a3 Red8
28. b4 cxb4 29. axb4 Bf6 30. e5 Be7 31. b5 Na5 32. Ba3 Rxd3+ 33. Rxd3 Bxa3 34.
Rxa3 Rc8 35. Rd3 Rc7 36. Ke2 Nxc4 37. Rc3 Rc5 38. Rb3 g5 39. Kd3 Na5 40. Rb4
Rd5+ 41. Ke2 Kg6 42. Kf3 gxf4 43. Kxf4 Nb7 44. Rb3 Nc5 45. Ra3 Rd4+ 46. Kf3
Rd3+ 47. Rxd3 Nxd3 48. Ke4 Nc5+ 49. Kf4 Na4 50. g4 Nc3 51. h4 h5 52. g5 Nxb5
0-1

[Event "Team junior-girls chess final 2017"]
[Site "Sochi"]
[Date "2017.05.05"]
[Round "4.2"]
[White "Mironenko, Galina"]
[Black "Girshgorn, Maria"]
[Result "1-0"]
[WhiteElo "1949"]
[BlackElo "1813"]
[PlyCount "103"]
[EventDate "2017.05.01"]

1. Nf3 d5 2. g3 Nf6 3. Bg2 c6 4. O-O Bg4 5. d4 e6 6. Nbd2 Nbd7 7. b3 Be7 8. c4
O-O 9. Bb2 Rc8 10. e3 Ne4 11. h3 Bh5 12. c5 Qa5 13. Qe1 Bxf3 14. Nxf3 Qxe1 15.
Rfxe1 f5 16. b4 g5 17. Rad1 g4 18. Nd2 gxh3 19. Bxh3 Ndf6 20. Nxe4 Nxe4 21. Bf1
h5 22. Bd3 h4 23. Kg2 hxg3 24. fxg3 Bg5 25. a4 Rc7 26. Kf3 Rg7 27. Rg1 Bh6 28.
Rg2 Kf7 29. Rh1 Rg6 30. Bxe4 fxe4+ 31. Ke2 Kg7 32. g4 Rf3 33. Bc1 a6 34. Bd2
Kf6 35. Rxh6 Rxh6 36. g5+ Kg6 37. gxh6+ Kxh6 38. Be1 Rh3 39. Bg3 Kg6 40. Be5+
Kf5 41. Rh2 Rxh2+ 42. Bxh2 Kg4 43. Kf2 Kh3 44. Bg3 Kg4 45. Kg2 Kf5 46. Kh3 Kg5
47. Bf4+ Kh5 48. Kg3 Kg6 49. Kg4 Kf6 50. Bg5+ Kg6 51. Kf4 Kh5 52. Bd8 1-0

[Event "Team junior-girls chess final 2017"]
[Site "Sochi"]
[Date "2017.05.05"]
[Round "4.2"]
[White "Bondareva, Daria"]
[Black "Nasybullina, Dayana"]
[Result "1-0"]
[WhiteElo "1778"]
[BlackElo "1786"]
[PlyCount "117"]
[EventDate "2017.05.01"]

1. e4 c6 2. d4 d5 3. exd5 cxd5 4. Bd3 Nf6 5. h3 g6 6. Nf3 Bg7 7. O-O O-O 8. c3
Bf5 9. Bxf5 gxf5 10. Bf4 Nc6 11. Qc1 Kh8 12. Re1 Ne4 13. Bh6 Rg8 14. Bxg7+ Rxg7
15. Qf4 Qg8 16. Nh4 e6 17. Nd2 Nxd2 18. Qxd2 Ne7 19. Re2 Ng6 20. Nxg6+ Rxg6 21.
f3 Rg3 22. Qh6 Rg6 23. Qd2 Rg3 24. Qh6 Rg6 25. Qf4 Qg7 26. Qe5 Qxe5 27. dxe5
Rc8 28. Rd1 Rgg8 29. Rd4 Rc7 30. Red2 Rgc8 31. g4 fxg4 32. Rxg4 Rc4 33. Kf2
Rxg4 34. hxg4 Kg7 35. Ke3 Kg6 36. Rh2 b5 37. Kd3 Rc4 38. b3 Rc6 39. f4 h6 40.
Kd4 Rc8 41. f5+ exf5 42. gxf5+ Kg5 43. e6 Kxf5 44. exf7 Kg6 45. Kxd5 Kg7 46.
Rf2 h5 47. c4 bxc4 48. bxc4 Kf8 49. c5 Rd8+ 50. Kc6 Rd1 51. Kb7 a5 52. c6 Rb1+
53. Kc8 h4 54. c7 h3 55. Rd2 h2 56. Rxh2 Kxf7 57. Rh5 a4 58. Rh4 Ke7 59. Rxa4
1-0

[Event "Team junior-girls chess final 2017"]
[Site "Sochi"]
[Date "2017.05.05"]
[Round "4.2"]
[White "Nikulina, Anastasiya"]
[Black "Kasaeva, Sofiia"]
[Result "0-1"]
[WhiteElo "1562"]
[BlackElo "1661"]
[PlyCount "34"]
[EventDate "2017.05.01"]

1. e4 e5 2. Nf3 Nc6 3. d4 exd4 4. Nxd4 Qf6 5. Nb5 Bc5 6. Qe2 Qd8 7. Be3 d6 8.
N1c3 a6 9. Bxc5 dxc5 10. Na3 Nd4 11. Qd2 Be6 12. O-O-O Nf6 13. Qg5 Qe7 14. Qxg7
O-O-O 15. Kb1 Ng4 16. Nd5 Bxd5 17. Qxg4+ Be6 0-1

[Event "Team junior-girls chess final 2017"]
[Site "Sochi"]
[Date "2017.05.05"]
[Round "4.3"]
[White "Tokmakova, Ulyana"]
[Black "Assaubayeva, Bibisara"]
[Result "0-1"]
[WhiteElo "1315"]
[BlackElo "2224"]
[PlyCount "86"]
[EventDate "2017.05.01"]

1. Nf3 d5 2. b3 c5 3. e3 Nf6 4. Bb2 e6 5. Be2 Nc6 6. O-O Bd6 7. d4 cxd4 8. Nxd4
Nxd4 9. Bxd4 O-O 10. c4 dxc4 11. Bxc4 e5 12. Bb2 e4 13. Nc3 Be5 14. Qc2 Bg4 15.
h3 Bh5 16. Be2 Bg6 17. Rfd1 Qa5 18. Nb5 Rac8 19. Qd2 Qxd2 20. Rxd2 Bxb2 21.
Rxb2 a6 22. Nd4 Nd5 23. a3 Rfd8 24. Kf1 Nf4 25. g3 Nd3 26. Bxd3 exd3 27. Ke1
Rc3 28. Kd2 Rdc8 29. Kd1 Kf8 30. Kd2 Ke7 31. f3 Kd6 32. g4 f6 33. h4 h6 34. g5
hxg5 35. hxg5 R3c5 36. e4 Rc3 37. gxf6 Ke5 38. Nf5 Bxf5 39. fxg7 Be6 40. Rh1
Kd4 41. Rh8 Rc2+ 42. Kd1 Rxb2 43. Rxc8 Ke3 0-1

[Event "Team junior-girls chess final 2017"]
[Site "Sochi"]
[Date "2017.05.05"]
[Round "4.3"]
[White "Bulatova, Kamaliya"]
[Black "Zelenskaya, Anastasiya"]
[Result "1-0"]
[WhiteElo "2009"]
[BlackElo "1738"]
[PlyCount "67"]
[EventDate "2017.05.01"]

1. d4 d5 2. Bf4 Nf6 3. e3 e6 4. Nf3 Bd6 5. Bg3 O-O 6. Nbd2 c5 7. c3 Nc6 8. Bd3
Re8 9. Ne5 Bxe5 10. dxe5 Nd7 11. f4 f6 12. Bh4 c4 13. Bc2 Qe7 14. Qh5 g6 15.
Bxg6 hxg6 16. Qxg6+ Kf8 17. exf6 Qf7 18. Qh6+ Kg8 19. Nf3 Nxf6 20. Bxf6 Qh7 21.
Qg5+ Kf7 22. Be5 Qg6 23. Qxg6+ Kxg6 24. g4 b5 25. h4 Bb7 26. h5+ Kf7 27. Rh3 a5
28. g5 Ne7 29. g6+ Kg8 30. Nd4 b4 31. Rg3 Bc8 32. h6 bxc3 33. h7+ Kf8 34. h8=Q+
1-0

[Event "Team junior-girls chess final 2017"]
[Site "Sochi"]
[Date "2017.05.05"]
[Round "4.3"]
[White "Lintsova, Liliya"]
[Black "Garifullina, Leya"]
[Result "0-1"]
[WhiteElo "1528"]
[BlackElo "2015"]
[PlyCount "54"]
[EventDate "2017.05.01"]

1. d4 Nf6 2. Bf4 b6 3. e3 Bb7 4. Nf3 g6 5. Be2 Bg7 6. h3 d6 7. O-O O-O 8. c4
Nbd7 9. Nc3 Ne4 10. Nxe4 Bxe4 11. Nd2 Bb7 12. Bf3 Qc8 13. Bxb7 Qxb7 14. Nf3
Rfe8 15. Rc1 Rad8 16. b4 c5 17. b5 d5 18. a4 dxc4 19. Rxc4 e5 20. Bh2 exd4 21.
exd4 Qd5 22. Qc2 cxd4 23. Rc7 Nc5 24. Rd1 d3 25. Qd2 Re2 26. Qf4 Qb3 27. Rf1 d2
0-1

[Event "Team junior-girls chess final 2017"]
[Site "Sochi"]
[Date "2017.05.05"]
[Round "4.3"]
[White "Stepanyan, Eva"]
[Black "Asatryan, Maria"]
[Result "1-0"]
[WhiteElo "1938"]
[BlackElo "1349"]
[PlyCount "89"]
[EventDate "2017.05.01"]

1. e4 c5 2. Nf3 d6 3. d4 cxd4 4. Nxd4 Nf6 5. Nc3 g6 6. Be3 Bg7 7. f3 Nc6 8. Qd2
O-O 9. O-O-O d5 10. exd5 Nxd5 11. Nxc6 bxc6 12. Bd4 e5 13. Bc5 Be6 14. Ne4 Rb8
15. Bc4 Re8 16. Kb1 h6 17. Bb3 a5 18. Qe1 f5 19. Nd6 Re7 20. c4 Nb4 21. Nf7 Qe8
22. Bxe7 Qxf7 23. Bd6 Rb7 24. Bxe5 Bxc4 25. Bxg7 Bxb3 26. Rd8+ Kxg7 27. Qe5+
Qf6 28. Qxf6+ Kxf6 29. axb3 Ke7 30. Rh8 Kf6 31. Rxh6 Nd5 32. Rh8 Rxb3 33. Ra8
Rb5 34. Rc1 Nb4 35. h4 Re5 36. g4 fxg4 37. fxg4 Re4 38. Rg1 Re5 39. Rh1 Kg7 40.
h5 gxh5 41. gxh5 Kh6 42. Rh8+ Kg7 43. Rd8 Re6 44. h6+ Rxh6 45. Rd7+ 1-0

[Event "Team junior-girls chess final 2017"]
[Site "Sochi"]
[Date "2017.05.05"]
[Round "4.4"]
[White "Moiseeva, Olesya"]
[Black "Yakimova, Mariya"]
[Result "0-1"]
[WhiteElo "1687"]
[BlackElo "1808"]
[PlyCount "86"]
[EventDate "2017.05.01"]

1. e4 c5 2. Nf3 d6 3. d4 cxd4 4. Nxd4 Nf6 5. Nc3 a6 6. Be2 e6 7. O-O Be7 8. Be3
O-O 9. f4 Qc7 10. Qe1 b5 11. a3 Bb7 12. Bf3 Nbd7 13. Rd1 Nb6 14. Qf2 Nc4 15.
Bc1 Nxa3 16. e5 dxe5 17. fxe5 Bxf3 18. Qxf3 Nxc2 19. Nxc2 Qxe5 20. Rfe1 Qc5+
21. Be3 Qc7 22. Nd4 Rac8 23. Rc1 Bc5 24. b4 Bxb4 25. Nd5 Nxd5 26. Rxc7 Rxc7 27.
Rb1 Rc3 28. Re1 Bc5 29. Qe4 Nxe3 30. Rxe3 Rxe3 31. Qxe3 Rd8 32. Qf3 Bxd4+ 33.
Kf1 b4 34. Qb7 a5 35. Qc7 Rf8 36. Qxa5 b3 37. Ke2 b2 38. Qa2 g6 39. h4 Rb8 40.
Qb1 Rc8 41. Qd3 e5 42. h5 Rc1 43. hxg6 hxg6 0-1

[Event "Team junior-girls chess final 2017"]
[Site "Sochi"]
[Date "2017.05.05"]
[Round "4.4"]
[White "Tukaeva, Aida"]
[Black "Andreeva, Anastasiia"]
[Result "1-0"]
[WhiteElo "1852"]
[BlackElo "1598"]
[PlyCount "83"]
[EventDate "2017.05.01"]

1. e4 e6 2. d4 d5 3. Nc3 Nf6 4. Bg5 Be7 5. e5 Nfd7 6. Bxe7 Qxe7 7. f4 a6 8. Qg4
g6 9. h4 Qb4 10. O-O-O h5 11. Qg3 c5 12. Qe3 Nc6 13. Nf3 c4 14. Nh2 Ne7 15. g4
hxg4 16. Nxg4 Nf5 17. Qf2 Qe7 18. h5 Rxh5 19. Rxh5 gxh5 20. Ne3 Nxe3 21. Qxe3
Nb6 22. Be2 h4 23. Rg1 Qf8 24. Qh3 Bd7 25. Qxh4 Bc6 26. f5 Qe7 27. f6 Qf8 28.
Qh7 O-O-O 29. Rg7 Qh8 30. Rxf7 Qxh7 31. Rxh7 Rg8 32. Rg7 Rf8 33. Bg4 Bd7 34.
Re7 Rd8 35. Bxe6 Bxe6 36. Rxe6 Kc7 37. Re7+ Kc6 38. f7 Nd7 39. Re8 Kc7 40.
Nxd5+ Kc8 41. e6 Nf8 42. Rxd8+ 1-0

[Event "Team junior-girls chess final 2017"]
[Site "Sochi"]
[Date "2017.05.05"]
[Round "4.4"]
[White "Mikhailova, Yuliya"]
[Black "Fairuzova, Zulfiiya"]
[Result "1/2-1/2"]
[WhiteElo "1771"]
[BlackElo "1677"]
[PlyCount "164"]
[EventDate "2017.05.01"]

1. d4 Nf6 2. Nf3 e6 3. Bf4 b6 4. e3 Bb7 5. Bd3 Be7 6. h3 d6 7. Nbd2 O-O 8. O-O
c5 9. c3 Nbd7 10. Qe2 Re8 11. e4 Nf8 12. Bb5 N6d7 13. Rfd1 Qc7 14. Nc4 Red8 15.
Ncd2 a6 16. Bd3 e5 17. dxe5 dxe5 18. Bg3 Bf6 19. a4 Ng6 20. Bc2 Ndf8 21. Nf1
Ne6 22. Ne3 Nef4 23. Qe1 h6 24. c4 Rd6 25. Nd5 Nxd5 26. exd5 Re8 27. Bxg6 fxg6
28. Nd2 Rdd8 29. Ne4 Bc8 30. Qe2 Bf5 31. f3 Bxe4 32. Qxe4 g5 33. Re1 Re7 34.
Qd3 Qd6 35. Re4 a5 36. Rae1 Rf8 37. Qc3 Rfe8 38. b3 Qc7 39. Qd3 Qd6 40. R4e2
Qd7 41. Kf1 Qd8 42. Qf5 Qd6 43. Qg4 Qc7 44. h4 gxh4 45. Bxh4 Bxh4 46. Qxh4 Qd6
47. Re4 Rf8 48. Kg1 Rfe8 49. f4 Qf6 50. Qh2 exf4 51. Rxe7 Rxe7 52. Rxe7 Qxe7
53. Qxf4 Qe1+ 54. Kh2 Qe7 55. Qb8+ Kh7 56. Qf4 Kg8 57. Qf5 Qh4+ 58. Qh3 Qe7 59.
Qg3 Qf6 60. Qe3 Qh4+ 61. Kg1 Qf6 62. Qe8+ Kh7 63. Qe4+ Kg8 64. Kh2 g6 65. Qe8+
Kg7 66. Qd7+ Kg8 67. Qe8+ Kg7 68. Qe4 Qd6+ 69. Kg1 Qf6 70. Qe3 g5 71. Kh2 h5
72. Qg3 h4 73. Qc7+ Kf8 74. Qc8+ Kg7 75. Qd7+ Kf8 76. Qg4 Kg7 77. Kh3 Qe5 78.
Qd7+ Kf6 79. Qd8+ Kg7 80. Qd7+ Kf6 81. Qd8+ Kg7 82. Qd7+ Kf6 1/2-1/2

[Event "Team junior-girls chess final 2017"]
[Site "Sochi"]
[Date "2017.05.05"]
[Round "4.4"]
[White "Gibadullina, Rajana"]
[Black "Baisheva, Nyurguiaana"]
[Result "1-0"]
[WhiteElo "1706"]
[BlackElo "1728"]
[PlyCount "173"]
[EventDate "2017.05.01"]

1. e4 c5 2. Nc3 e6 3. f4 d6 4. Bb5+ Bd7 5. Bxd7+ Qxd7 6. Nf3 Nc6 7. d3 g6 8.
O-O Bg7 9. Qe1 Nf6 10. e5 dxe5 11. fxe5 Ng4 12. Bf4 O-O 13. Kh1 Nd4 14. Rc1
Rac8 15. h3 Nh6 16. Ne4 Kh8 17. Nf6 Bxf6 18. exf6 Nhf5 19. Ne5 Qd8 20. g4 Nd6
21. Bh6 Nc6 22. Nxc6 Rxc6 23. Bg7+ Kg8 24. Qh4 Qc8 25. Qh6 Rb6 26. Bxf8 Qxf8
27. Qxf8+ Kxf8 28. b3 h6 29. Kg2 Ra6 30. a4 Ke8 31. Rcd1 Kd7 32. Kf3 Ne8 33.
Ke4 Nd6+ 34. Ke3 Rc6 35. Rd2 e5 36. Rdf2 a6 37. h4 b5 38. axb5 axb5 39. Ra1 Ke6
40. c4 b4 41. Ra8 Nc8 42. Rfa2 Nb6 43. Re8+ Kxf6 44. Rf2+ Kg7 45. Re7 h5 46.
Rfxf7+ Kg8 47. Rg7+ Kf8 48. Ref7+ Ke8 49. Rb7 Kf8 50. gxh5 gxh5 51. Rgc7 Rxc7
52. Rxc7 Ke8 53. Rxc5 Nd7 54. Rb5 Ke7 55. Rxb4 Kd6 56. Rb5 Kc6 57. Ra5 Kb6 58.
Rd5 Nc5 59. Rxc5 Kxc5 60. Ke4 Kd6 61. b4 Ke6 62. b5 Kd6 63. b6 Kc6 64. Kxe5
Kxb6 65. d4 Kc6 66. d5+ Kd7 67. d6 Kd8 68. c5 Kd7 69. Kd5 Kd8 70. c6 Kc8 71.
Ke6 Kd8 72. c7+ Kc8 73. d7+ Kxc7 74. Ke7 Kc6 75. d8=Q Kc5 76. Qd6+ Kc4 77. Ke6
Kc3 78. Ke5 Kc4 79. Qd5+ Kc3 80. Qd4+ Kb3 81. Qc5 Kb2 82. Kd4 Kb3 83. Qc4+ Kb2
84. Qc3+ Ka2 85. Qb4 Ka1 86. Kc3 Ka2 87. Qb2# 1-0

[Event "Team junior-girls chess final 2017"]
[Site "Sochi"]
[Date "2017.05.07"]
[Round "5.1"]
[White "Yakimova, Mariya"]
[Black "Podgornova, Anna"]
[Result "1/2-1/2"]
[WhiteElo "1808"]
[BlackElo "1708"]
[PlyCount "192"]
[EventDate "2017.05.01"]

1. e4 c5 2. Nf3 d6 3. d4 cxd4 4. Nxd4 Nf6 5. Nc3 a6 6. Bc4 e6 7. Bb3 b5 8. O-O
Be7 9. Qf3 Qc7 10. Qg3 O-O 11. Bh6 Ne8 12. Rad1 Bd7 13. Nf3 Nc6 14. Bf4 Rc8 15.
e5 dxe5 16. Nxe5 Nxe5 17. Bxe5 Qb7 18. Ne2 Bf6 19. Nd4 a5 20. c3 Rc5 21. Rfe1
Be7 22. Bc2 g6 23. Nb3 Rc8 24. Nxa5 Qa7 25. Nb3 b4 26. Qe3 Qb7 27. c4 Bc6 28.
Na5 Qa8 29. Nxc6 Qxc6 30. b3 Bf6 31. Bxf6 Nxf6 32. Qe5 Nd7 33. Qd6 Nc5 34. Qxc6
Rxc6 35. Kf1 Kg7 36. Re3 f5 37. f4 Kf6 38. Ke2 g5 39. fxg5+ Kxg5 40. Rg3+ Kf6
41. Rh3 Kg7 42. a3 Rb6 43. axb4 Rxb4 44. Ra1 Rfb8 45. Ra7+ Kf6 46. Ra3 R8b7 47.
Rf3 Rg7 48. g3 h5 49. Kd2 Kg5 50. Ra5 Rc7 51. Kc3 Rb6 52. b4 Na6 53. b5 Nc5 54.
Kb4 Rd6 55. Ra8 Rd2 56. b6 Rc6 57. Kb5 Rdd6 58. Rb8 Nd7 59. Rg8+ Kf6 60. b7
Rb6+ 61. Ka5 Rxb7 62. Rd3 Rc6 63. Ba4 Ra7+ 64. Kb4 Rxa4+ 65. Kxa4 Rxc4+ 66. Kb3
Rc7 67. Rc3 Rb7+ 68. Kc2 Ra7 69. Kb3 Ne5 70. Rf8+ Kg7 71. Rfc8 Kf6 72. Rh8 Kg6
73. Rg8+ Kf7 74. Rg5 h4 75. gxh4 Ng4 76. h3 Nf2 77. Rg2 Ne4 78. Re3 Rc7 79. h5
Kf6 80. Rg6+ Ke5 81. h6 Rh7 82. Kc4 f4 83. Re1 Kf5 84. Rg7 Rxh6 85. Kd4 e5+ 86.
Kd5 Nf6+ 87. Kc4 Rxh3 88. Re7 e4 89. Rb7 f3 90. Rb5+ Kf4 91. Rb6 Rh6 92. Kd4 f2
93. Rf1 e3 94. Re6 Kf3 95. Rxe3+ Kg2 96. Rxf2+ Kxf2 1/2-1/2

[Event "Team junior-girls chess final 2017"]
[Site "Sochi"]
[Date "2017.05.07"]
[Round "5.1"]
[White "Lysokon, Polina"]
[Black "Tukaeva, Aida"]
[Result "0-1"]
[WhiteElo "1610"]
[BlackElo "1852"]
[PlyCount "150"]
[EventDate "2017.05.01"]

1. e4 d6 2. d4 Nf6 3. Nc3 c6 4. f4 Qa5 5. Bd3 e5 6. Nf3 Bg4 7. Be3 Nbd7 8. O-O
Be7 9. h3 Bxf3 10. Qxf3 h6 11. Ne2 exf4 12. Nxf4 g5 13. Ne2 O-O-O 14. c3 g4 15.
hxg4 Rdg8 16. g5 hxg5 17. Ng3 Qc7 18. b4 Kb8 19. Rfb1 Bd8 20. c4 g4 21. Qe2 Nh5
22. Nxh5 Rxh5 23. Bf4 Bf6 24. Qe3 Bg5 25. b5 c5 26. Bxg5 Rgxg5 27. d5 Ne5 28.
a4 Qe7 29. Be2 Rg7 30. Qg3 Rgh7 31. Kf2 Qf6+ 32. Ke1 Qg5 33. Kd1 Qg6 34. Qf4
Rh2 35. g3 Rg2 36. Rc1 Rh1+ 37. Kd2 Rhh2 38. Re1 Nf3+ 39. Kd3 Nxe1+ 40. Rxe1
Rh3 41. Rf1 Rgxg3+ 42. Kd2 Rg2 43. Ke1 Qh6 44. Qxh6 Rxh6 45. Rxf7 Rh1+ 46. Bf1
Rgg1 47. a5 Rh8 48. b6 axb6 49. axb6 g3 50. Rg7 Rf8 51. Ke2 Rgxf1 52. Rxg3 Rb1
53. Rg6 Rxb6 54. e5 Rb2+ 55. Ke3 dxe5 56. Re6 Rb4 57. Kd3 Rb3+ 58. Ke4 Rb1 59.
Kxe5 Re1+ 60. Kd6 Rxe6+ 61. Kxe6 Kc8 62. Kd6 b6 63. Kc6 Rf4 64. d6 Rxc4 65. Kd5
Rc1 66. Ke6 Kd8 67. d7 Rd1 68. Ke5 Rxd7 69. Ke4 c4 70. Ke3 c3 71. Ke2 c2 72.
Ke1 c1=Q+ 73. Ke2 Qc3 74. Kf1 Qc2 75. Ke1 Rd1# 0-1

[Event "Team junior-girls chess final 2017"]
[Site "Sochi"]
[Date "2017.05.07"]
[Round "5.1"]
[White "Fairuzova, Zulfiiya"]
[Black "Surovtseva, Alisa"]
[Result "1/2-1/2"]
[WhiteElo "1677"]
[BlackElo "1588"]
[PlyCount "51"]
[EventDate "2017.05.01"]

1. d4 d5 2. c4 c6 3. cxd5 cxd5 4. Nc3 Nf6 5. Nf3 Nc6 6. Bf4 a6 7. e3 Bg4 8. h3
Bh5 9. Be2 e6 10. O-O Bd6 11. Bxd6 Qxd6 12. a3 O-O 13. Rc1 Rac8 14. b4 b5 15.
Nd2 Bxe2 16. Qxe2 e5 17. Nb3 Rfe8 18. Qd3 exd4 19. exd4 Qf4 20. Rcd1 Ra8 21.
Rc1 Rac8 22. Rcd1 Ra8 23. Rc1 Rac8 24. Rcd1 Ra8 25. Rc1 Rac8 26. Rcd1 1/2-1/2

[Event "Team junior-girls chess final 2017"]
[Site "Sochi"]
[Date "2017.05.07"]
[Round "5.1"]
[White "Tolstykh, Arina"]
[Black "Gibadullina, Rajana"]
[Result "1/2-1/2"]
[WhiteElo "1439"]
[BlackElo "1706"]
[PlyCount "96"]
[EventDate "2017.05.01"]

1. d4 Nf6 2. c4 c5 3. d5 b5 4. cxb5 a6 5. bxa6 g6 6. Nc3 Bxa6 7. e4 Bxf1 8.
Kxf1 d6 9. g3 Bg7 10. Kg2 Nbd7 11. Nf3 O-O 12. Re1 Qb6 13. Qe2 Rfb8 14. a4 h6
15. Nb5 Qb7 16. Ra3 Nb6 17. b3 Rc8 18. Nd2 Ne8 19. Nc4 Nxc4 20. Qxc4 Nc7 21.
Nxc7 Qxc7 22. Re2 Rcb8 23. Bb2 Rb4 24. Qc2 Bxb2 25. Qxb2 Qb7 26. Qc2 Rc8 27.
Re3 Kh7 28. Rf3 f6 29. h4 h5 30. Re3 Rf8 31. Rf3 Qd7 32. Qe2 Rc8 33. Rc3 Rcb8
34. Qc2 Qb7 35. Re3 Kg7 36. Qc3 Qc7 37. Re2 Qb7 38. Re3 Qc8 39. Qc2 Qd7 40. Rc3
Qb7 41. Re3 Qa6 42. Rc3 Qa5 43. Rc4 Rxc4 44. bxc4 Qe1 45. Rb3 Rxb3 46. Qxb3
Qxe4+ 47. Kg1 Qe1+ 48. Kg2 Qe4+ 1/2-1/2